Country Chain Quiz - Statistics

General Stats
  • This quiz has been taken 19 times
  • The average score is 14 of 22
Answer Stats
Hint Answer % Correct
Tiny Island In Oceania (Starts with T) Tuvalu
93%
Country of the Pyrenees Andorra
87%
Home to Baku and nicknamed the “Land of Fire.” Azerbaijan
87%
Mount Everest Nepal
87%
Celebrates Wood Shoes Netherlands
87%
To the East of the last answer. Laos
80%
Largest Country in Central America Nicaragua
80%
Only country starting with O Oman
80%
Pearl Of Africa Uganda
80%
First country to adapt Christianity as its first religion Armenia
67%
Big island Australia
67%
South America Suriname
67%
Land of the Eagles Albania
60%
Flag contains only Red and White Denmark
53%
Only borders 1 Country (In Europe) San Marino
47%
10 Letters in its name Afghanistan
40%
10 Letters in its name (Again) Afghanistan
40%
Man Shortage Estonia
40%
Ninth Largest Country Kazakhstan
40%
Borders No Countries New Zealand
40%
Lots of French Culture in Africa Niger
40%
West of Democratic Republic of The Congo Republic of The Congo
27%
No matching quizzes found
Score Distribution
Percent of People with Each Score
Percentile by Number Answered
Your Score History
You have not taken this quiz